000 02678nam a2200313 i 4500
003 DO-SdBNP
005 20240624150204.0
007 ta
008 240624s1986 sp 000 j spa d
020 _a8472233499
040 _aDO-SdBNP
_bspa
_cBNPHU
_erda
082 _bH711
_222
100 _aHoffmann, E.T.A,
_d1766-1822
_944252
_eautor
_qErnst Theodor Amadeus
240 _aSchwester Monika
245 1 0 _aSor Monika :
_bdocumento filantropínico-filantrópico-físico-psico-erótico del Convento Secular de X. en S... /
_cE.T.A. Hoffmann ; prólogo de André Pieyre de Mandiargues ; traducción de Jordi Jané
264 1 _aBarcelona, España :
_bTusQuets editores,
_c1986.
300 _a176 páginas,
_c20 cm.
336 _2rdacontent
_atexto
_btxt
337 _2rdamedia
_asin mediación
_bn
338 _2rdacarrier
_avolumen
_bnc
490 1 _aLa sonrisa vertical
_aErótica
_v46
500 _aSinopsis de Sor Monika Más de ciento cincuenta años han empleado los filólogos y especialistas alemanes en dilucidar la auténtica paternidad de esta intensa novela erótica, publicada por primera vez en 1815. Por fin, la inmensa mayoría de ellos coincide en otorgársela, de forma definitiva y concluyente, al gran escritor romántico alemán E.T.A. Hoffmann.
520 _aPoca gente, en España, ha tenido la suerte de disfrutar de los encantos provocativos de Sor Monika y las monjitas que con ella conviven, y pocos, también, el poder dejarse arrastrar por la imaginación y la fantasía desbordantes que emanan de cada página de este libro. Y es que, además de la teología, la música o el humanismo presentes en el libro, componentes característicos de la personalidad de E.T.A. Hoffmann, lo que verdaderamente importa, lo que se impone ya desde la primera página, es una alegría, un desenfado que va a impregnar todos y cada uno de los actos de los personajes dotándolos de un trepidante ritmo. Como dice André Pieyre de Mandiargues, el famoso escritor francés, emparentado tan de cerca con la literatura erótica, en el prólogo a esta edición : «Vertiginoso es el tiempo de las novelas rosas, secuencia de cortos momentos de incandescencia en los que se ilumina una hermosa boca entreabierta, hermosos pechos desnudos, un hermoso vientre liso, una hermosa grupa a punto de recibir las vergas, hermosos muslos separados, tan rápidamente y con tantos cambios de manos y de poses que la atención se diluye y de realista no queda estrictamente nada».
590 _aInventariado, 2024/ YL
700 1 _aPieyre de Mandiargues, André
_eprólogo
_952625
700 1 _aJané, Jordi
_etraducción
_985772
910 _aYLockward
942 _2ddc
_cLBS1
999 _c56946
_d56946